Zmeny vo vykazovaní finančných a nefinančných informácií podnikateľských subjektov v Slovenskej Republike

Cieľom článku je analyzovať zmeny vo vykazovaní finančných a nefinančných informácií podnikateľských subjektov v Slovenskej republike v súlade s transpozíciou smernice Európskeho parlamentu a Rady 2013/34 / EÚ z 26. júna 2013 o ročných účtovných závierkach, konsolidovaných finančných výkazoch a súvi...

Ausführliche Beschreibung

Gespeichert in:
Bibliographische Detailangaben
1. Verfasser: Pakšiová, Renáta, 1974-
Weitere Verfasser: Oriskóová, Denisa, Lovciová, Kornélia, 1983-
Format: Buchkapitel
Sprache:Slowakisch
Schlagworte:
Tags: Tag hinzufügen
Keine Tags, Fügen Sie das erste Tag hinzu!

MARC

LEADER 00000nla a2200000 4500
001 0237611
005 20240502073835.2
041 0 |a slo 
044 |a SK 
245 1 0 |a Zmeny vo vykazovaní finančných a nefinančných informácií podnikateľských subjektov v Slovenskej Republike  |c Renáta Pakšiová, Denisa Oriskóová, Kornélia Lovciová 
520 |a Cieľom článku je analyzovať zmeny vo vykazovaní finančných a nefinančných informácií podnikateľských subjektov v Slovenskej republike v súlade s transpozíciou smernice Európskeho parlamentu a Rady 2013/34 / EÚ z 26. júna 2013 o ročných účtovných závierkach, konsolidovaných finančných výkazoch a súvisiacich správ určitých typov podnikov podľa vnútroštátnych právnych predpisov. 
610 2 0 |a informácie ekonomické 
610 2 0 |a uzávierka účtovná 
610 2 0 |a správa finančná 
610 2 0 |a rozvoj trvalo udržateľný 
610 2 0 |a hospodárstvo podnikové 
610 2 0 |a Slovensko 
100 1 |a Pakšiová, Renáta, 1974- 
700 1 |a Oriskóová, Denisa 
700 1 |a Lovciová, Kornélia, 1983-